| 000 | 00660cam a22002531 4500 | ||
|---|---|---|---|
| 001 | sa 65005884 | ||
| 003 | DLC | ||
| 005 | 20260227112139.0 | ||
| 008 | 890620s1964 ii c e 000 0 telo | ||
| 010 | _asa 65005884 | ||
| 035 | _a(OCoLC)19898246 | ||
| 040 |
_aDLC _cWaU _dDLC |
||
| 042 | _apremarc | ||
| 043 | _aa-ii--- | ||
| 050 | 0 | 0 |
_aDS485.G897 _bG86 1964 |
| 245 | 0 | 0 | _aGuṇṭūru maṇḍala sarvasvaṃ. |
| 260 | _c1964 | ||
| 300 |
_aii, 575 p. _bports. _c25 cm. |
||
| 500 | _aIn Telugu. | ||
| 651 | 0 |
_aGuntūr (India : District) _vEncyclopedias. |
|
| 650 | 0 | _aAuthors, Telugu | |
| 650 | 0 | _aArtists, Telugu. | |
| 700 | 1 | _aVīrayya, Daruvūri. | |
| 999 |
_c64441 _d64441 |
||